000
00233nam a22000857a 4500
008
160716b xxu||||| |||| 00| 0 eng d
100
_9
2969
_a
Dumas, A
245
_a
The Count of Monte Cristo
260
_a
New Delhi
_b
Orient Publication
_c
2006
999
_c
2532
_d
2532